| 000 | 00873cam a22002775a 4500 | ||
|---|---|---|---|
| 005 | 20240228160840.0 | ||
| 008 | 080229s2008 xxk f 000 0 eng d | ||
| 020 | _a9780418828700 | ||
| 035 | _a(Sirsi) u142703 | ||
| 041 | 0 | _aeng | |
| 050 | 0 | 4 | _a692.8 $2 18 |
| 110 | 2 |
_aJoint Contracts Tribunal _93664 |
|
| 240 | _aMBC 2008 | ||
| 245 | 0 | 0 |
_aManagement works contractor/employer agreement _bMCWC/E |
| 246 | _aMCWC/E | ||
| 260 |
_aLondon _bSweet and Maxwell _c2008 |
||
| 300 |
_aii, 17p. _c30cm. |
||
| 350 | _a18.95 | ||
| 490 | 0 | _aJCT Contracts 2008 | |
| 505 | 2 | _aManagement works/contractor employer agreement -- Attestation -- Guidance notes | |
| 521 | 2 | _aAdvanced | |
| 650 | 2 | 4 | _aJCT MANAGEMENT WORKS CONTRACTOR/EMPLOYER AGREEMENT (2008 EDITION) |
| 650 | 2 | 4 | _aJCT MANAGEMENT BUILDING CONTRACT (2008 EDITION) |
| 651 | 4 | _aUnited Kingdom | |
| 942 |
_n0 _2ddc |
||
| 999 |
_c107948 _d107948 |
||